[Event "4NCL Division Three Knights"]
[Site "Telford, ENG"]
[Date "2024.03.17"]
[Round "8.51"]
[White "Lambourne, Dan M"]
[Black "Willson, Ollie"]
[Result "1/2-1/2"]
[WhiteElo "2086"]
[BlackElo "2144"]
[PlyCount "120"]
[EventDate "2024.03.17"]
[WhiteTeam "MK Phoenix"]
[BlackTeam "Sussex Martlets 2"]

1. d4 d5 2. Nf3 Nf6 3. c4 e6 4. e3 Be7 5. Nc3 O-O 6. Be2 b6 7. cxd5 exd5 8. Ne5
Bb7 9. Bf3 Nbd7 10. O-O Bd6 11. Nd3 Re8 12. g3 Ne4 13. Bg2 h6 14. Ne2 Rc8 15.
a3 Bf8 16. Bd2 c5 17. Bc3 Ndf6 18. Bh3 Rb8 19. Ne5 Nxc3 20. Nxc3 Bd6 21. Nf3
Qe7 22. Nb5 Bc8 23. Bg2 a6 24. Nxd6 Qxd6 25. Ne5 b5 26. Nd3 c4 27. Nc5 Bg4 28.
Qc2 Nd7 29. h3 Be6 30. Nxd7 Qxd7 31. Kh2 Bf5 32. Qd2 Rb6 33. Qb4 Rf6 34. Qd2
Bd3 35. Rfe1 h5 36. h4 Qf5 37. Kg1 Be4 38. Qe2 g6 39. Rad1 Kg7 40. Rd2 Rb8 41.
Qd1 a5 42. Bxe4 Qxe4 43. Qc2 Qxc2 44. Rxc2 Re6 45. Rb1 Rc6 46. Re1 f5 47. Kf1
Rcb6 48. Ke2 b4 49. a4 Kf6 50. f4 Rc6 51. Kf2 Re8 52. Kf3 Rce6 53. Kf2 Re4 54.
Ree2 Rb8 55. Re1 Ke6 56. Kf3 Kd6 57. Kf2 Rbe8 58. Ree2 b3 59. Rc3 Rb8 60. Re1
Rb4 1/2-1/2

[Event "4NCL Division Three Knights"]
[Site "Telford, ENG"]
[Date "2024.03.17"]
[Round "8.52"]
[White "Hedger, Alec"]
[Black "Fraser-Mitchell, Jeremy N"]
[Result "1-0"]
[WhiteElo "2071"]
[BlackElo "2087"]
[PlyCount "71"]
[EventDate "2024.03.17"]
[WhiteTeam "Sussex Martlets 2"]
[BlackTeam "MK Phoenix"]

1. e4 e6 2. d4 d5 3. exd5 exd5 4. c4 Bb4+ 5. Nc3 Ne7 6. Nf3 O-O 7. Bd3 dxc4 8.
Bxc4 Bg4 9. Be3 Nbc6 10. O-O Bxc3 11. bxc3 Nd5 12. Rc1 Nce7 13. Bg5 c6 14. Re1
f6 15. Bh4 Qd7 16. h3 Bh5 17. Ne5 fxe5 18. Qxh5 Ng6 19. dxe5 Qe6 20. Bg3 Rf5
21. Qg4 Re8 22. Bd3 Rf7 23. Qxe6 Rxe6 24. Bc4 Nf8 25. Rcd1 Rd7 26. f4 g6 27.
Bf2 b5 28. Bxd5 cxd5 29. g4 Ra6 30. f5 gxf5 31. gxf5 Rxa2 32. e6 Rg7+ 33. Kf1
Re7 34. Bc5 Re8 35. Rxd5 Kg7 36. e7 1-0

[Event "4NCL Division Three Knights"]
[Site "Telford, ENG"]
[Date "2024.03.17"]
[Round "8.53"]
[White "Freeman, Richard C P"]
[Black "Nguyen, Anh"]
[Result "1/2-1/2"]
[WhiteElo "1956"]
[BlackElo "2019"]
[PlyCount "65"]
[EventDate "2024.03.17"]
[WhiteTeam "MK Phoenix"]
[BlackTeam "Sussex Martlets 2"]

1. e4 c5 2. Nc3 a6 3. g3 b5 4. Bg2 Bb7 5. d3 e6 6. Nge2 Be7 7. O-O Nc6 8. Be3
Nf6 9. Qe1 O-O 10. h3 Nb4 11. Qc1 d5 12. exd5 Nbxd5 13. Nxd5 Nxd5 14. Bd2 Qc7
15. Nf4 Rfd8 16. Qe1 b4 17. Nxd5 Bxd5 18. Bf4 Qc6 19. Bxd5 Qxd5 20. Qe4 Bf6 21.
Qxd5 Rxd5 22. Rab1 a5 23. Rfe1 a4 24. Kf1 g5 25. Be3 b3 26. axb3 axb3 27. cxb3
Rb8 28. Rec1 Rxd3 29. Rxc5 Rdxb3 30. Bxg5 Bd4 31. Rc2 Rxb2 32. Rcxb2 Rxb2 33.
Rxb2 1/2-1/2

[Event "4NCL Division Three Knights"]
[Site "Telford, ENG"]
[Date "2024.03.17"]
[Round "8.54"]
[White "Blades, Kit"]
[Black "Obi, Okwose Marc"]
[Result "1-0"]
[WhiteElo "1950"]
[BlackElo "1905"]
[PlyCount "67"]
[EventDate "2024.03.17"]
[WhiteTeam "Sussex Martlets 2"]
[BlackTeam "MK Phoenix"]

1. e4 d5 2. exd5 Qxd5 3. Nc3 Qd6 4. Nf3 Nf6 5. d4 a6 6. g3 Bg4 7. Bg2 Nc6 8. h3
Bh5 9. Bf4 Qb4 10. O-O O-O-O 11. Ne2 e6 12. g4 Bg6 13. b3 Bd6 14. c3 Qb6 15.
Be3 Nd5 16. Bd2 Be7 17. a3 Rhe8 18. c4 Nf6 19. Be3 Na5 20. Nd2 Qd6 21. b4 Nc6
22. b5 axb5 23. cxb5 Nb8 24. Nc4 Qd7 25. Qb3 e5 26. Rac1 Bc5 27. dxc5 Qe6 28.
c6 e4 29. cxb7+ Kxb7 30. Na5+ Kc8 31. b6 c6 32. b7+ Kd7 33. Rfd1+ Nd5 34. Nf4
1-0

[Event "4NCL Division Three Knights"]
[Site "Telford, ENG"]
[Date "2024.03.17"]
[Round "8.55"]
[White "Valentine, Brian J"]
[Black "Graham, William M"]
[Result "1/2-1/2"]
[WhiteElo "1892"]
[BlackElo "1940"]
[PlyCount "74"]
[EventDate "2024.03.17"]
[WhiteTeam "MK Phoenix"]
[BlackTeam "Sussex Martlets 2"]

1. e4 e6 2. d4 d5 3. Nc3 Nf6 4. e5 Nfd7 5. f4 c5 6. Be3 Nc6 7. Nf3 Qb6 8. Na4
Qa5+ 9. c3 b6 10. Bd2 c4 11. b4 Nxb4 12. cxb4 Bxb4 13. Bxb4 Qxb4+ 14. Kf2 b5
15. Nc5 Nxc5 16. dxc5 Qxc5+ 17. Qd4 Qa3 18. Be2 Bd7 19. f5 g6 20. f6 Bc6 21. h4
h6 22. Rhc1 O-O-O 23. Ne1 Kb7 24. Nc2 Qa5 25. Rcb1 Qb6 26. Ke3 a5 27. a3 Ka6
28. Ra2 Rb8 29. Rab2 Qxd4+ 30. Kxd4 Rhc8 31. Kc3 Kb6 32. Kd4 Bd7 33. g3 Kc6 34.
Ne3 h5 35. Nd1 Rb7 36. Nc3 Rcb8 37. Na2 Rb6 1/2-1/2

[Event "4NCL Division Three Knights"]
[Site "Telford, ENG"]
[Date "2024.03.17"]
[Round "8.56"]
[White "Ursell, Adam R"]
[Black "Matthews, Adrian M S"]
[Result "1/2-1/2"]
[WhiteElo "1950"]
[BlackElo "1836"]
[PlyCount "85"]
[EventDate "2024.03.17"]
[WhiteTeam "Sussex Martlets 2"]
[BlackTeam "MK Phoenix"]

1. e4 c5 2. Nf3 Nc6 3. Bb5 g6 4. Bxc6 dxc6 5. d4 cxd4 6. Qxd4 Qxd4 7. Nxd4 Bg7
8. c3 e5 9. Nc2 Nf6 10. f3 Be6 11. Be3 O-O 12. Nd2 Nd7 13. Nb3 b6 14. Nb4 Rac8
15. h4 h6 16. Kf2 a5 17. Nc2 f5 18. exf5 Bxf5 19. Rad1 Rcd8 20. Na3 a4 21. Nc1
e4 22. f4 Nf6 23. Bxb6 Rb8 24. Be3 Ng4+ 25. Ke2 Rxb2+ 26. Rd2 Bxc3 27. Rxb2
Bxb2 28. Nc4 Bf6 29. Nb6 Nxe3 30. Kxe3 a3 31. Nc4 Be7 32. Ne5 Bc5+ 33. Ke2 h5
34. Nb3 Bd6 35. Rc1 Bxe5 36. fxe5 Be6 37. Rxc6 Bxb3 38. axb3 Ra8 39. Rc1 a2 40.
Ra1 Kf7 41. Ke3 Ke6 42. Kxe4 Ra5 43. b4 1/2-1/2

[Event "4NCL Division Three Knights"]
[Site "Telford, ENG"]
[Date "2024.03.17"]
[Round "8.61"]
[White "Stubbs, Oliver"]
[Black "Seymour, Timothy P"]
[Result "1/2-1/2"]
[WhiteElo "2212"]
[BlackElo "2216"]
[PlyCount "73"]
[EventDate "2024.03.17"]
[WhiteTeam "Poole Patzers"]
[BlackTeam "Surbiton"]

1. d4 d5 2. Nf3 Nf6 3. Bf4 c5 4. e3 Nc6 5. Nbd2 Nh5 6. dxc5 Nxf4 7. exf4 g6 8.
c3 Bg7 9. g3 O-O 10. Bg2 d4 11. cxd4 Nxd4 12. O-O Nxf3+ 13. Bxf3 Bxb2 14. Rb1
Ba3 15. Bxb7 Bxb7 16. Rxb7 Bxc5 17. Ne4 Bd4 18. Qa4 Bb6 19. Rd1 Qe8 20. Qxe8
Rfxe8 21. Rdd7 Kf8 22. h4 h5 23. a4 Rab8 24. Nc3 Rxb7 25. Rxb7 Rd8 26. Ne4 Rd4
27. a5 Rxe4 28. axb6 axb6 29. Rxb6 Kg7 30. Kg2 e6 31. Kf3 Ra4 32. Rc6 Kf6 33.
Rc7 Ra3+ 34. Kg2 Ra2 35. Kf3 Ra3+ 36. Kg2 Ra2 37. Kf3 1/2-1/2

[Event "4NCL Division Three Knights"]
[Site "Telford, ENG"]
[Date "2024.03.17"]
[Round "8.62"]
[White "Scott, David A"]
[Black "Waddington, Mike P"]
[Result "1-0"]
[WhiteElo "2083"]
[BlackElo "2103"]
[PlyCount "131"]
[EventDate "2024.03.17"]
[WhiteTeam "Surbiton"]
[BlackTeam "Poole Patzers"]

1. c4 f5 2. g3 Nf6 3. Bg2 g6 4. Nc3 Bg7 5. b4 e5 6. d3 O-O 7. e3 a5 8. b5 d6 9.
Nge2 Nbd7 10. O-O g5 11. f4 gxf4 12. exf4 Ng4 13. h3 Nh6 14. fxe5 dxe5 15. d4
e4 16. g4 fxg4 17. Nxe4 gxh3 18. Bxh3 Nf6 19. Bxc8 Qxc8 20. Nf2 Nfg4 21. Bf4
Qd7 22. Qd2 Rae8 23. Bg3 Ne3 24. Rfe1 Rxf2 25. Kxf2 Qf5+ 26. Bf4 Qh3 27. Rg1
Nhg4+ 28. Ke1 Bh6 29. Bxh6 Qh4+ 30. Rg3 Qh1+ 31. Rg1 Qh4+ 32. Rg3 Qxh6 33. Qc3
Qh1+ 34. Kd2 Qe4 35. Rag1 h5 36. Qd3 Qxd3+ 37. Kxd3 Nf5 38. Rxg4+ hxg4 39.
Rxg4+ Kh7 40. Re4 Rg8 41. c5 Rd8 42. Kc4 Kg7 43. Nf4 Kf7 44. d5 b6 45. Ne6 Rc8
46. Nd4 Nxd4 47. Kxd4 Rh8 48. cxb6 cxb6 49. d6 Rc8 50. Re7+ Kf6 51. Rb7 Rc2 52.
Rxb6 Ke6 53. a4 Ra2 54. Ra6 Rxa4+ 55. Kc5 Ra1 56. Kb6 a4 57. Ka7 Rb1 58. b6
Kxd6 59. Rxa4 Kc6 60. Rc4+ Kb5 61. Rh4 Ra1+ 62. Kb7 Rg1 63. Rh5+ Kb4 64. Kb8
Rg2 65. b7 Rc2 66. Ka7 1-0

[Event "4NCL Division Three Knights"]
[Site "Telford, ENG"]
[Date "2024.03.17"]
[Round "8.64"]
[White "Davies, Neil"]
[Black "Weatherlake, John P"]
[Result "1/2-1/2"]
[WhiteElo "1917"]
[BlackElo "2036"]
[PlyCount "82"]
[EventDate "2024.03.17"]
[WhiteTeam "Surbiton"]
[BlackTeam "Poole Patzers"]

1. d4 d5 2. Nf3 Nf6 3. g3 g6 4. Bg2 Bg7 5. O-O O-O 6. c4 c6 7. cxd5 cxd5 8. Nc3
Ne4 9. e3 Nc6 10. Qb3 Nxc3 11. bxc3 Na5 12. Qd1 Bg4 13. h3 Bxf3 14. Bxf3 e6 15.
Be2 Qc7 16. Ba3 Rfc8 17. Rc1 Nc4 18. Bxc4 Qxc4 19. Qb3 b6 20. Rfd1 Rc6 21. Qxc4
Rxc4 22. Bb2 Rac8 23. Kf1 Bf8 24. a3 Ra4 25. Ke2 Rcc4 26. Ra1 Ra6 27. Ra2 Bd6
28. g4 b5 29. Kd3 Kg7 30. f3 Kf6 31. e4 Kg5 32. e5 Be7 33. Bc1+ Kh4 34. Be3
Rxa3 35. Bf2+ Kxh3 36. Rh1+ Kg2 37. Rg1+ Kh2 38. Rc2 b4 39. Be3+ Kh3 40. Rh1+
Kg3 41. Rg1+ Kh3 1/2-1/2

[Event "4NCL Division Three Knights"]
[Site "Telford, ENG"]
[Date "2024.03.17"]
[Round "8.65"]
[White "Smith, Richard"]
[Black "Boughen, Andrew"]
[Result "1-0"]
[WhiteElo "1911"]
[BlackElo "1804"]
[PlyCount "65"]
[EventDate "2024.03.17"]
[WhiteTeam "Poole Patzers"]
[BlackTeam "Surbiton"]

1. d4 d5 2. c4 e6 3. Nf3 Nf6 4. g3 dxc4 5. Bg2 c5 6. Qa4+ Bd7 7. Qxc4 Nc6 8.
O-O cxd4 9. Nxd4 Rc8 10. Nc3 Nxd4 11. Qxd4 Bc5 12. Qd3 Qb6 13. b3 Ng4 14. Ne4
Bd4 15. Ba3 Be5 16. Rac1 Rd8 17. Bc5 Qa6 18. Qxa6 bxa6 19. Bxa7 O-O 20. Bc5
Rfe8 21. Rfd1 Bb5 22. Bf3 Rxd1+ 23. Rxd1 Nf6 24. Nxf6+ Bxf6 25. a4 Rc8 26. axb5
Rxc5 27. bxa6 Ra5 28. Rd6 Kf8 29. b4 Ra1+ 30. Kg2 Be7 31. Rb6 f5 32. b5 Kf7 33.
Rb7 1-0

[Event "4NCL Division Three Knights"]
[Site "Telford, ENG"]
[Date "2024.03.17"]
[Round "8.66"]
[White "Alcock, Graham P"]
[Black "Stubbs, John"]
[Result "1-0"]
[WhiteElo "1774"]
[BlackElo "1304"]
[PlyCount "36"]
[EventDate "2024.03.17"]
[WhiteTeam "Surbiton"]
[BlackTeam "Poole Patzers"]

1. e4 c5 2. c3 d6 3. d4 cxd4 4. Nf3 Nc6 5. Bc4 Nf6 6. Qc2 g6 7. cxd4 Bg7 8. O-O
O-O 9. h3 Qb6 10. Rd1 Rd8 11. Nc3 a6 12. a3 Qc7 13. Ba2 Na7 14. Bd2 e6 15. Re1
b5 16. Bf4 Qe7 17. Qd2 Bb7 18. Bg5 e5 1-0

[Event "4NCL Division Three Knights"]
[Site "Telford, ENG"]
[Date "2024.05.04"]
[Round "9.11"]
[White "Larchikov, Maksym"]
[Black "Cooksey, Paul S"]
[Result "1/2-1/2"]
[WhiteElo "2136"]
[BlackElo "2238"]
[PlyCount "93"]
[EventDate "2024.05.04"]
[WhiteTeam "Hull & East Riding Tigers"]
[BlackTeam "Crowthorne A"]

1. d4 d5 2. c4 c6 3. Nf3 Nf6 4. Nc3 a6 5. cxd5 cxd5 6. e3 Nc6 7. Ne5 e6 8. Bd3
Nd7 9. f4 Ndxe5 10. fxe5 f5 11. exf6 Qxf6 12. Qf3 Qxf3 13. gxf3 Be7 14. h4 Bd7
15. Bd2 Rc8 16. f4 O-O 17. Ne2 Na7 18. a3 Bb5 19. Bb1 Ba4 20. Nc1 Rc7 21. b3
Bd7 22. a4 Rfc8 23. Nd3 Nc6 24. Ke2 Be8 25. h5 b6 26. f5 exf5 27. Nf4 Bf7 28.
Bxf5 Re8 29. Kf3 Bd6 30. Ne2 Rf8 31. Kg2 Ne7 32. Bd3 Be6 33. Raf1 Bf5 34. Bxf5
Nxf5 35. Rc1 Rxc1 36. Bxc1 Rc8 37. Rf1 g6 38. hxg6 hxg6 39. Rf2 Bb4 40. Kf3 Nd6
41. Rf1 g5 42. Rg1 Rf8+ 43. Nf4 Rf5 44. Ke2 Ne4 45. Kd3 Nf2+ 46. Ke2 Ne4 47.
Kd3 1/2-1/2

[Event "4NCL Division Three Knights"]
[Site "Telford, ENG"]
[Date "2024.05.04"]
[Round "9.12"]
[White "Webb, Richard M"]
[Black "Varley, Joe"]
[Result "1/2-1/2"]
[WhiteElo "2139"]
[BlackElo "2094"]
[PlyCount "59"]
[EventDate "2024.05.04"]
[WhiteTeam "Crowthorne A"]
[BlackTeam "Hull & East Riding Tigers"]

1. e4 c5 2. Nc3 Nc6 3. Bb5 Nd4 4. Nf3 e6 5. O-O a6 6. Bd3 Nxf3+ 7. Qxf3 Qc7 8.
b3 Bd6 9. Qh3 Ne7 10. Bb2 Ng6 11. Ne2 O-O 12. f4 Be7 13. f5 Ne5 14. Qg3 Bd6 15.
Nf4 f6 16. Be2 Rf7 17. Bh5 Rf8 18. d3 Nc6 19. Qh4 Nd4 20. Rac1 Be5 21. c3 Nc6
22. Kh1 Bxf4 23. Rxf4 Ne5 24. Rd1 d5 25. Rff1 Bd7 26. fxe6 Bxe6 27. exd5 Bxd5
28. c4 Bf7 29. d4 cxd4 30. Rxd4 1/2-1/2

[Event "4NCL Division Three Knights"]
[Site "Telford, ENG"]
[Date "2024.05.04"]
[Round "9.13"]
[White "Smith, Simon"]
[Black "Thompson, Ian D"]
[Result "1/2-1/2"]
[WhiteElo "2015"]
[BlackElo "2152"]
[PlyCount "135"]
[EventDate "2024.05.04"]
[WhiteTeam "Hull & East Riding Tigers"]
[BlackTeam "Crowthorne A"]

1. d4 d5 2. c4 e6 3. Nc3 c6 4. Nf3 Nf6 5. e3 Nbd7 6. Qc2 Bd6 7. Be2 O-O 8. O-O
dxc4 9. Bxc4 b5 10. Be2 Bb7 11. Rd1 Qe7 12. e4 e5 13. dxe5 Nxe5 14. Nd4 Bb8 15.
Bg5 Ng6 16. g3 a5 17. Rac1 Ba7 18. Nf5 Qe5 19. Bxf6 Qxf6 20. Rd6 Qe5 21. Bf3
Rad8 22. Rcd1 Rxd6 23. Rxd6 Qc5 24. Rd2 Bc8 25. Ne3 Qg5 26. Ncd1 Be6 27. Bg2
Qc5 28. b3 Qb6 29. Rd6 Ne7 30. Nf5 Bxf5 31. exf5 Rd8 32. Qd2 Rxd6 33. Qxd6 Nxf5
34. Qxc6 Qxc6 35. Bxc6 Nd4 36. Bd5 b4 37. Kf1 Kf8 38. Ke1 Ke7 39. Kd2 f5 40.
Ne3 g5 41. Nc4 h5 42. Nxa5 h4 43. Nc4 Nb5 44. Ne3 f4 45. gxf4 gxf4 46. Ng2 Bxf2
47. Nxf4 Kd6 48. Bg2 Bg1 49. Nd3 Bxh2 50. Nxb4 Nd4 51. Nd3 Ne6 52. b4 Nf4 53.
Nxf4 Bxf4+ 54. Kd3 Kc7 55. a4 Kb6 56. Kc4 Bd2 57. Bf1 Kb7 58. a5 Be1 59. Kb5
Kc7 60. Ka4 Kd6 61. Bg2 Bd2 62. b5 Kc5 63. b6 Bf4 64. b7 Bg3 65. Bf1 Bf4 66.
Kb3 h3 67. Bxh3 Kb5 68. a6 1/2-1/2

[Event "4NCL Division Three Knights"]
[Site "Telford, ENG"]
[Date "2024.05.04"]
[Round "9.14"]
[White "Purdon, Colin"]
[Black "Vleeshhouwer, Douglas"]
[Result "1/2-1/2"]
[WhiteElo "1964"]
[BlackElo "1973"]
[PlyCount "127"]
[EventDate "2024.05.04"]
[WhiteTeam "Crowthorne A"]
[BlackTeam "Hull & East Riding Tigers"]

1. d4 d5 2. c4 c6 3. Nf3 Nf6 4. g3 Bf5 5. Bg2 e6 6. Qb3 Qb6 7. c5 Qc7 8. Bf4
Qc8 9. Nc3 h6 10. O-O Nbd7 11. Rfc1 g5 12. Bd2 e5 13. e4 Nxe4 14. Nxe4 Bxe4 15.
Nxe5 Bxg2 16. Re1 Be4 17. Rxe4 f5 18. Re2 Nxe5 19. Rxe5+ Kf7 20. Qf3 Bg7 21.
Rxf5+ Kg6 22. g4 Rf8 23. Rxf8 Qxf8 24. Qd3+ Kf7 25. Qf5+ Kg8 26. Qxf8+ Kxf8 27.
Be3 Re8 28. Rd1 Re4 29. h3 Kf7 30. Kg2 Kg6 31. Rd3 h5 32. f3 Re7 33. Kf2 hxg4
34. hxg4 Bf6 35. b4 a6 36. a4 Rh7 37. Kg2 Rh8 38. Rb3 Re8 39. Kf1 Re6 40. Kf2
Re8 41. b5 axb5 42. axb5 Re6 43. bxc6 bxc6 44. Rb4 Bg7 45. Ke2 Bf6 46. Kd3 Be7
47. Rb7 Bf6 48. Rc7 Bd8 49. Rc8 Bf6 50. Bf2 Be7 51. Bg3 Rf6 52. Be5 Rxf3+ 53.
Ke2 Rc3 54. Rxc6+ Kf7 55. Bd6 Bf6 56. Be5 Be7 57. Rc8 Ke6 58. Kd2 Rc4 59. c6
Bb4+ 60. Kd1 Bd6 61. c7 Bxe5 62. Re8+ Kd7 63. Rxe5 Kd6 64. Rxg5 1/2-1/2

[Event "4NCL Division Three Knights"]
[Site "Telford, ENG"]
[Date "2024.05.04"]
[Round "9.15"]
[White "Stephenson, David W"]
[Black "Duckers, Harvey L"]
[Result "0-1"]
[WhiteElo "1849"]
[BlackElo "1992"]
[PlyCount "100"]
[EventDate "2024.05.04"]
[WhiteTeam "Hull & East Riding Tigers"]
[BlackTeam "Crowthorne A"]

1. d4 Nf6 2. Nf3 g6 3. Bf4 d6 4. Nc3 c6 5. e4 b5 6. a3 a6 7. Be2 Nbd7 8. e5 Nh5
9. Be3 Qc7 10. g4 Ng7 11. Bf4 Nb6 12. h3 Bb7 13. Qd2 Ne6 14. Bg3 d5 15. O-O Qd7
16. b4 Bg7 17. Nh4 Nc4 18. Bxc4 dxc4 19. Ne2 Rd8 20. Rad1 c5 21. c3 h5 22. g5
cxd4 23. cxd4 Qd5 24. f4 Qe4 25. Kf2 O-O 26. Qe3 f6 27. Nc3 Qxe3+ 28. Kxe3 Kh7
29. gxf6 exf6 30. d5 Nc7 31. d6 Ne6 32. Ne4 fxe5 33. fxe5 Bh6+ 34. Ke2 Bxe4 35.
Rf6 Bd3+ 36. Ke1 Rxf6 37. exf6 Bg5 38. f7 Kg7 39. Nf3 Bf6 40. Rd2 Bf5 41. h4
Kxf7 42. Ne5+ Bxe5 43. Bxe5 Nf8 44. Kf2 Nd7 45. Bf4 Re8 46. Ra2 Re4 47. Kf3 c3
48. Bc1 Ne5+ 49. Kg3 Rg4+ 50. Kh2 Nf3+ 0-1

[Event "4NCL Division Three Knights"]
[Site "Telford, ENG"]
[Date "2024.05.04"]
[Round "9.16"]
[White "Tart, Peter K"]
[Black "Ganti, Shriaansh"]
[Result "0-1"]
[WhiteElo "1958"]
[BlackElo "1864"]
[PlyCount "70"]
[EventDate "2024.05.04"]
[WhiteTeam "Crowthorne A"]
[BlackTeam "Hull & East Riding Tigers"]

1. e4 Nf6 2. Nc3 e5 3. Nf3 Nc6 4. d4 exd4 5. Nxd4 Bb4 6. Bg5 h6 7. Bh4 g5 8.
Nxc6 bxc6 9. Bg3 Qe7 10. f3 d5 11. e5 Nh5 12. Qd4 Bc5 13. Qa4 Bd7 14. O-O-O Rb8
15. e6 fxe6 16. Bxc7 Rb7 17. Be5 Rb4 18. Qa6 O-O 19. Qd3 Be8 20. g3 Rf5 21. Re1
Ng7 22. Bh3 Rf8 23. Bxg7 Qxg7 24. Rxe6 Rd4 25. Qe2 Bd7 26. Re1 Bxe6 27. Qxe6+
Kh8 28. Qxc6 Bb4 29. Re6 Kh7 30. Nxd5 Rd1+ 31. Kxd1 Qd4+ 32. Ke2 Qd2+ 33. Kf1
Rxf3+ 34. Kg1 Qd1+ 35. Kg2 Qf1# 0-1

[Event "4NCL Division Three Knights"]
[Site "Telford, ENG"]
[Date "2024.05.04"]
[Round "9.21"]
[White "Brown, Thomas"]
[Black "Wilson, Jaimie"]
[Result "1-0"]
[WhiteElo "2120"]
[BlackElo "2120"]
[PlyCount "73"]
[EventDate "2024.05.04"]
[WhiteTeam "Rhyfelwyr Essyllwg"]
[BlackTeam "Wessex A"]

1. d4 d5 2. c4 e6 3. cxd5 exd5 4. Nc3 Nf6 5. Bf4 c6 6. e3 Bf5 7. Nge2 Nbd7 8.
Ng3 Bg6 9. h4 h6 10. h5 Bh7 11. Bd3 Nb6 12. Bxh7 Nxh7 13. Qd3 Qd7 14. Rc1 Nc8
15. Nf5 Nf6 16. Be5 Rg8 17. Nxh6 gxh6 18. Bxf6 Rxg2 19. Kf1 Rg8 20. e4 Qe6 21.
Bh4 Be7 22. exd5 cxd5 23. Qb5+ Qd7 24. Qxd7+ Kxd7 25. Nxd5 Bxh4 26. Rxh4 Rg5
27. Nf6+ Ke7 28. Ne4 Rf5 29. Rc7+ Kd8 30. Rxb7 Ne7 31. Nd6 Rf6 32. Re4 Rxd6 33.
Rbxe7 Rxd4 34. Re8+ Kd7 35. Rxa8 Rxe4 36. Rxa7+ Ke8 37. Ra6 1-0

[Event "4NCL Division Three Knights"]
[Site "Telford, ENG"]
[Date "2024.05.04"]
[Round "9.22"]
[White "Pleasants, Allan J"]
[Black "Young, Alan"]
[Result "1/2-1/2"]
[WhiteElo "2000"]
[BlackElo "1993"]
[PlyCount "35"]
[EventDate "2024.05.04"]
[WhiteTeam "Wessex A"]
[BlackTeam "Rhyfelwyr Essyllwg"]

1. Nf3 Nf6 2. c4 c5 3. g3 Nc6 4. Bg2 d5 5. cxd5 Nxd5 6. Nc3 Nc7 7. d3 e5 8. Be3
Be7 9. Rc1 Bd7 10. Nd2 Rb8 11. O-O O-O 12. f4 f6 13. Nde4 b6 14. f5 Nd4 15. g4
Bc6 16. Kh1 Kh8 17. Bg1 Bb7 18. Qe1 1/2-1/2

[Event "4NCL Division Three Knights"]
[Site "Telford, ENG"]
[Date "2024.05.04"]
[Round "9.23"]
[White "Hewitt, William"]
[Black "Westrap, Christian F"]
[Result "1-0"]
[WhiteElo "1978"]
[BlackElo "2041"]
[PlyCount "109"]
[EventDate "2024.05.04"]
[WhiteTeam "Rhyfelwyr Essyllwg"]
[BlackTeam "Wessex A"]

1. e4 c5 2. Nf3 Nc6 3. d4 cxd4 4. Nxd4 e5 5. Nb5 d6 6. N1c3 a6 7. Na3 Be7 8.
Be3 Nf6 9. Nd5 O-O 10. Bb6 Qd7 11. Bd3 Bd8 12. Nxf6+ Bxf6 13. c3 Bd8 14. Nc4
Ne7 15. O-O Qc6 16. Bxd8 Rxd8 17. Qe2 Be6 18. Rfd1 Ng6 19. Ne3 Nf4 20. Qf3 b5
21. h4 g6 22. g3 Nh5 23. Qe2 Nf6 24. c4 bxc4 25. Nxc4 Qc5 26. Re1 Rac8 27. b3
a5 28. Rab1 Nh5 29. Kg2 f6 30. a3 d5 31. exd5 Bxd5+ 32. Kh2 Ng7 33. Ne3 Be6 34.
b4 axb4 35. axb4 Qb6 36. b5 Rd4 37. Rec1 Rcd8 38. Bc4 Rd2 39. Qf3 Bxc4 40. Rxc4
Nf5 41. Rc3 Nd4 42. Qg2 e4 43. Qxe4 Rxf2+ 44. Kg1 Rf5 45. Nxf5 Nxf5+ 46. Kg2
Rd2+ 47. Kh3 Qf2 48. Rc8+ Kg7 49. Rc7+ Kh6 50. Qf4+ Qxf4 51. gxf4 Rd3+ 52. Kh2
Rd2+ 53. Kg1 Nxh4 54. Rb3 Nf5 55. Rh3+ 1-0

[Event "4NCL Division Three Knights"]
[Site "Telford, ENG"]
[Date "2024.05.04"]
[Round "9.24"]
[White "Mesesan, Mircea-Marius"]
[Black "Trevelyan, John"]
[Result "0-1"]
[WhiteElo "1979"]
[BlackElo "1918"]
[PlyCount "90"]
[EventDate "2024.05.04"]
[WhiteTeam "Wessex A"]
[BlackTeam "Rhyfelwyr Essyllwg"]

1. d4 d6 2. Nf3 Nf6 3. Nc3 Nbd7 4. e4 e5 5. Bc4 Be7 6. Bxf7+ Kxf7 7. Ng5+ Kg8
8. Ne6 Qe8 9. Nxc7 Qg6 10. Nxa8 Qxg2 11. Rf1 exd4 12. Qxd4 Ne5 13. f4 Nfg4 14.
Qd5+ Nf7 15. Qb5 Bh4+ 16. Kd1 Bd7 17. Qe2 Nf2+ 18. Rxf2 Bxf2 19. f5 Qg1+ 20.
Kd2 Ne5 21. b3 Be1+ 22. Qxe1 Nf3+ 23. Ke2 Qxe1+ 24. Kd3 Ne5+ 25. Kd4 Qg1+ 26.
Be3 Qxa1 27. Nc7 Kf7 28. N7d5 Rc8 29. Bd2 Bb5 30. a4 Nf3+ 31. Ke3 Nxd2 32. Kxd2
Bc6 33. Ne3 Re8 34. Nc4 Rd8 35. Ne3 Bxe4 36. h4 d5 37. Ne2 Qh1 38. c3 Qxh4 39.
Nd1 Qg5+ 40. Ke1 Bf3 41. Nb2 Qe3 42. Kd1 Qxe2+ 43. Kc1 Be4 44. Nd3 Bxd3 45. f6
Qc2# 0-1

[Event "4NCL Division Three Knights"]
[Site "Telford, ENG"]
[Date "2024.05.04"]
[Round "9.25"]
[White "Van Kemenade, Rudy"]
[Black "Marsh, Roger D W"]
[Result "1-0"]
[WhiteElo "1947"]
[BlackElo "1945"]
[PlyCount "59"]
[EventDate "2024.05.04"]
[WhiteTeam "Rhyfelwyr Essyllwg"]
[BlackTeam "Wessex A"]

1. f4 g6 2. Nf3 Bg7 3. g3 Nf6 4. Bg2 d5 5. d3 O-O 6. O-O c6 7. Qe1 Nbd7 8. e4
dxe4 9. dxe4 Qc7 10. e5 Ne8 11. Nc3 Nb6 12. Ne4 Be6 13. b3 Qc8 14. Neg5 Bf5 15.
Nd4 h6 16. Nxf5 Qxf5 17. Be4 Qd7 18. Nf3 Nc7 19. Bb2 Rad8 20. c4 Rfe8 21. Qe2
f5 22. Bc2 Ne6 23. Rad1 Qc8 24. Nh4 Nf8 25. g4 fxg4 26. Nxg6 Rxd1 27. Rxd1 h5
28. Nxf8 Rxf8 29. Qe4 Qe6 30. Qh7+ 1-0

[Event "4NCL Division Three Knights"]
[Site "Telford, ENG"]
[Date "2024.05.04"]
[Round "9.26"]
[White "De Coverly, Roger D"]
[Black "Hatchett, Paul"]
[Result "1-0"]
[WhiteElo "1920"]
[BlackElo "1949"]
[PlyCount "63"]
[EventDate "2024.05.04"]
[WhiteTeam "Wessex A"]
[BlackTeam "Rhyfelwyr Essyllwg"]

1. e4 c5 2. Nf3 d6 3. g3 Nf6 4. Nc3 g6 5. Bg2 Nc6 6. O-O Bg7 7. d3 O-O 8. h3 e5
9. Be3 Nd4 10. Nh2 Be6 11. Nd5 Bxd5 12. exd5 Nf5 13. Bg5 h6 14. Bd2 b5 15. a4
b4 16. a5 Rb8 17. c4 Re8 18. Re1 Kh7 19. Ng4 Nxg4 20. hxg4 Nd4 21. Be3 Rb7 22.
Bxd4 exd4 23. Be4 Rbe7 24. Kg2 Qd7 25. Qf3 Re5 26. g5 Rxg5 27. Qd1 Rh5 28. Qxh5
Rxe4 29. Qf3 Re5 30. Rxe5 dxe5 31. a6 Qd6 32. Qxf7 1-0

[Event "4NCL Division Three Knights"]
[Site "Telford, ENG"]
[Date "2024.05.04"]
[Round "9.31"]
[White "Payne, Matthew J"]
[Black "Seymour, Timothy P"]
[Result "1/2-1/2"]
[WhiteElo "2186"]
[BlackElo "2221"]
[PlyCount "71"]
[EventDate "2024.05.04"]
[WhiteTeam "Sussex Martlets 2"]
[BlackTeam "Surbiton"]

1. e4 e5 2. Nf3 Nc6 3. Bc4 Bc5 4. c3 Nf6 5. d4 exd4 6. e5 d5 7. Bb5 Ne4 8. cxd4
Bb6 9. Nc3 O-O 10. Be3 Bg4 11. h3 Bh5 12. Qc2 Ba5 13. O-O Bxf3 14. gxf3 Ng5 15.
Kg2 Bxc3 16. bxc3 Ne6 17. f4 f5 18. Qa4 Qh4 19. Bxc6 bxc6 20. Qxc6 Rae8 21. c4
dxc4 22. Qf3 g5 23. Qg3 Qxg3+ 24. fxg3 gxf4 25. gxf4 Rd8 26. Rac1 Nxd4 27. Rxc4
Ne6 28. Ra4 c5 29. Rxa7 Ra8 30. Re7 Rxa2+ 31. Kf3 Ra6 32. Rg1+ Kh8 33. Rd1 Nd4+
34. Bxd4 cxd4 35. Rxd4 Ra3+ 36. Kf2 1/2-1/2

[Event "4NCL Division Three Knights"]
[Site "Telford, ENG"]
[Date "2024.05.04"]
[Round "9.32"]
[White "Scott, David A"]
[Black "Hedger, Alec"]
[Result "1-0"]
[WhiteElo "2099"]
[BlackElo "2110"]
[PlyCount "83"]
[EventDate "2024.05.04"]
[WhiteTeam "Surbiton"]
[BlackTeam "Sussex Martlets 2"]

1. c4 e6 2. g3 d5 3. Bg2 c6 4. Nf3 b5 5. cxb5 cxb5 6. O-O Nf6 7. d3 Be7 8. e4
dxe4 9. dxe4 O-O 10. e5 Nd5 11. Nc3 Nxc3 12. bxc3 Bb7 13. Qb3 Qc7 14. Rd1 a6
15. a4 Nd7 16. axb5 Rab8 17. c4 axb5 18. cxb5 Nxe5 19. Bf4 Bxf3 20. Bxf3 Nxf3+
21. Qxf3 e5 22. Be3 Qc2 23. b6 f5 24. Qd5+ Kh8 25. Rac1 Qb2 26. Rb1 Qc3 27.
Rdc1 Qa3 28. Qxe5 Bd6 29. Qa1 f4 30. Qxa3 Bxa3 31. Bxf4 Rxf4 32. gxf4 Bxc1 33.
Rxc1 Kg8 34. Rb1 Kf7 35. b7 Kf6 36. Kg2 Kf5 37. Kf3 g6 38. Rb3 Kf6 39. Kg4 Kf7
40. f5 Kg7 41. fxg6 hxg6 42. Kg5 1-0